000 00339 a2200157 4500
001 155587
040 _cEscola São Tomás de Aquino
100 _aCEREJA, William Roberto
240 1 0 _aPortuguês
_lpor
245 1 0 _aPortuguês
300 _a304
362 0 _a2014
440 1 _aSaraiva
697 _aLíngua portuguesa
942 _cBK
999 _c155587
_d155587